Entry Nombre personal
001 - NÚMERO DE CONTROL
- campo de control: 90459
003 - IDENTIFICADOR DE NÚMERO DE CONTROL
- campo de control: SpMaBN
005 - FECHA Y HORA DE LA ÚLTIMA TRANSACCIÓN
- campo de control: 20240523202313.0
008 - ELEMENTOS DE DATO DE LONGITUD-FIJA
- campo de control de longitud fija: 960922nn ainnnaabn a aaa
010 ## - NÚMERO DE CONTROL DE LA BIBLIOTECA DEL CONGRESO
- Número de control de LC: XX1394807
016 ## - NÚMERO DE CONTROL DE UNA AGENCIA BIBLIOGRÁFICA NACIONAL
- Número de control del registro: BNE19998792208
024 7# - IDENTIFICADOR DE OTROS ESTÁNDARES
- Número estándar o código: http://www.wikidata.org/entity/Q6119899
- Fuente: wikidata
024 7# - IDENTIFICADOR DE OTROS ESTÁNDARES
- Número estándar o código: http://viaf.org/viaf/311587107/
- Fuente: viaf
040 ## - FUENTE DE CATALOGACIÓN
- Centro catalogador/agencia de origen: SpMaBN
- Lengua de catalogación: spa
- Centro/agencia transcriptor: SpMaBN
- Normas de descripción: rdc
- Convención/Normas de encabezamiento de materia/tesauro: embne
046 ## - FECHAS CON CODIFICACIÓN ESPECIAL
- Fecha de nacimiento: 1822
- Fecha de la muerte: 1886
100 1# - ENCABEZAMIENTO-NOMBRE DE PERSONA
- Nombre de persona: Pereda y Martínez, Sandalio de,
- Fechas asociadas al nombre: 1822-1886
370 ## - LUGAR ASOCIADO
- Lugar de nacimiento: España, Castilla y León, Burgos (Provincia), Villarcayo de Merindad de Castilla la Vieja, Torme
370 ## - LUGAR ASOCIADO
- Lugar de fallecimiento: España, Madrid (Comunidad Autónoma), Madrid
373 ## - GRUPO ASOCIADO
- Grupo asociado: Real Academia Nacional de Medicina
- Grupo asociado: Real Sociedad Española de Historia Natural
- Grupo asociado: Real Academia de Ciencias Exactas, Físicas y Naturales
- Fuente de información: Wikidata
374 ## - OCUPACIÓN
- Ocupación: Médicos
375 ## - GÉNERO/SEXO
- Género: Masculino
- Fuente de información: Wikidata
377 ## - IDIOMA ASOCIADO
- Término de lengua/lenguaje: Español
400 1# - TRAZADO DE VÉASE--NOMBRE DE PERSONA
- Nombre de persona: Pereda Martínez, Sandalio de,
- Fechas asociadas al nombre: 1822-1886
400 1# - TRAZADO DE VÉASE--NOMBRE DE PERSONA
- Nombre de persona: Pereda, Sandalio de,
- Fechas asociadas al nombre: 1822-1886
670 ## - FUENTE DE DATOS ENCONTRADOS
- Cita de la fuente: Programa razonado de un curso de historia natural, 1867
- Información encontrada: port. (Sandalio de Pereda y Martínez; Doctor en la Facultad de Medicina y en la de Ciencias)
670 ## - FUENTE DE DATOS ENCONTRADOS
- Cita de la fuente: Intento de un diccionario biográfico y bibliográfico de autores de la provincia de Burgos, 1889
- Información encontrada: (Pereda y Martínez, Sandalio de; n. Torme, 3-9-1822, m. Madrid, 15-12-1886; Académico de Número de la Real de Medicina)
